00205nam a2200085 a 4500008004100000050001600041100001500057245003800072350000900110120416s9999 xx |||||||||||||| || u aNK 1145 Pye aPye, David14aThe nature and art of workmanship a0.00